[Event "47th GER-ch Blitz 2020"]
[Site "Magdeburg"]
[Date "2020.08.15"]
[Round "7.11"]
[White "Koch, Thomas"]
[Black "Schoewel, Matthias"]
[Result "1-0"]
[WhiteElo "2461"]
[BlackElo "2218"]
[Annotator "TA"]
[PlyCount "131"]
[EventDate "2020.07.28"]
[EventType "tourn"]
[EventCountry "GER"]
[SourceTitle "playchess.com"]
[Source "ChessBase"]
[SourceQuality "1"]

{[%evp 11,131,26,36,25,52,44,66,70,74,54,56,56,60,33,30,9,9,9,5,9,15,-29,23,12,25,21,21,12,30,11,33,0,34,34,39,21,33,18,30,-24,17,14,16,14,12,17,17,14,23,18,24,18,14,0,22,0,25,-83,-11,-17,0,0,23,17,107,16,8,0,0,0,6,0,7,0,0,0,0,0,0,0,0,0,0,0,0,0,0,0,25,19,12,17,75,67,67,67,75,75,75,75,75,75,77,77,79,75,94,75,278,0,108,89,613,570,550,529,1279,1279,1028,991,814,783]} 1. d4 d5 2. c4 e6 3. Nc3 Nf6 4. Bg5 Be7 5. e3 Ne4 6. Bxe7 Qxe7 7. Rc1 {D53: Queen's Gambit Declined: 4 Bg5 Be7: Early deviations.} c6 {[#]} 8. Bd3 $146 ({Predecessor:} 8. Nf3 O-O 9. Bd3 f5 10. O-O Nd7 11. Re1 Rf6 12. Ne5 Rh6 13. Bxe4 fxe4 14. f4 Kh8 15. Rc2 Rf6 16. Kh1 Nxe5 17. dxe5 Rf8 18. Rd2 b6 {½-½ (38) Jakobeit,D (2101)-Schoewel,M (2228) Germany 2013}) 8... f5 9. cxd5 {White is slightly better.} Nxc3 10. Rxc3 exd5 11. Ne2 O-O 12. O-O Nd7 13. Ng3 g6 14. Re1 Nf6 15. f3 Qb4 16. Qd2 Bd7 (16... f4 $142 17. exf4 Qxd4+ 18. Kh1 Re8) 17. a3 Qb6 18. Ne2 Rae8 19. Nf4 Re7 20. Bf1 Rfe8 21. h4 Kg7 22. Qf2 a5 23. Nd3 Be6 24. Nc5 Qc7 25. Rec1 (25. b4 $142) 25... Bf7 26. b4 axb4 27. axb4 Nd7 28. Nxd7 Qxd7 {[#]} 29. b5 $1 {[%mdl 512]} Re6 (29... cxb5 30. Rb1) 30. bxc6 bxc6 31. Rb3 Qe7 {[%cal Re6e3]} 32. Rcc3 Qf6 33. Rb6 Ra8 34. Ba6 {[#]} (34. g3 $11) 34... f4 ({Black should try} 34... c5 $1 $17 {[%mdl 512]} 35. Rxe6 (35. Rxc5 Rxb6) 35... Qxe6) 35. exf4 $11 Qxf4 36. Rcxc6 Rxc6 37. Rxc6 Rb8 (37... Be8 $11 38. g3 Qb8) 38. Bf1 (38. g3 $16 Qf5 39. Bf1) 38... Rb4 39. Rc5 Rxd4 {And now ...Rd2 would win.} 40. g3 Qe5 41. Rc2 Rd1 42. Re2 Qf6 43. Kg2 d4 44. Rd2 Rxd2 45. Qxd2 Qe5 46. Bd3 Bd5 47. Be2 Bf7 48. Kf2 Bd5 49. Qg5 Qe6 50. Qf4 Qf6 {With the idea ...Qxf4.} 51. Qc7+ Qf7 (51... Kh6 $11 {remains equal.}) 52. Qc5 d3 53. Qd4+ Kg8 54. Qxd3 Be6 55. Qe4 Bd5 56. Qe5 Qa7+ 57. Qe3 Qf7 58. Bd3 Kg7 59. Qe5+ Kh6 $2 {[#]} (59... Kg8 $16 60. Be2 h5) 60. Qe3+ $2 (60. Be2 $1 $18 {is the precise move to win. Black must now prevent g4.} Qa7+ 61. Kf1) 60... Kg7 $16 61. Qd4+ Kh6 $2 {[%mdl 8192] [#]} (61... Kg8 $16) 62. Be2 $1 $18 {White is clearly winning.} Be6 63. g4 Qc7 {and the idea ...Qh2+ leaves Black hopeful.} 64. Kg2 {White threatens Qh8! and mate.} Qc2 65. Qe3+ {[%mdl 64] Double Attack} Kg7 66. Qxe6 {Accuracy: White = 83%, Black = 67%.} 1-0

[Event "47th GER-ch Blitz 2020"]
[Site "Magdeburg"]
[Date "2020.08.15"]
[Round "7.12"]
[White "Svane, Rasmus"]
[Black "Berger, Steve"]
[Result "1-0"]
[WhiteElo "2613"]
[BlackElo "2408"]
[Annotator "TA"]
[PlyCount "71"]
[EventDate "2020.07.28"]
[EventType "tourn"]
[EventCountry "GER"]
[SourceTitle "playchess.com"]
[Source "ChessBase"]
[SourceQuality "1"]

{[%evp 24,71,54,55,46,35,31,33,26,27,25,23,35,18,29,22,52,48,49,46,54,58,65,12,13,7,17,10,35,30,26,37,34,4,63,31,29,0,104,112,173,149,237,224,297,300,407,407,385,379]} 1. Nf3 c5 2. c4 g6 3. d4 cxd4 4. Nxd4 Nc6 5. e4 Nf6 6. Nc3 d6 7. Be2 Nxd4 8. Qxd4 Bg7 9. Be3 O-O 10. Qd2 Be6 11. Rc1 Qa5 12. b3 Rfc8 {The main line 12...Rfc8 scores better than 12...a6.} 13. f3 Rab8 {was the old line (13...a6). B36: Sicilian: Maroczy Bind: Gurgenidze System.} 14. Nb5 Qxd2+ 15. Kxd2 a6 {White is slightly better.} 16. Nd4 Bd7 17. Rhd1 {[#]} h5 $146 ({Predecessor:} 17... Kf8 18. Ke1 Be8 19. Nc2 Nd7 20. Nb4 Nc5 21. Nd5 b6 22. b4 Nd7 23. Bg5 f6 {½-½ (49) Swiercz,D (2654)-Zvjaginsev,V (2659) Tromsoe 2013}) 18. Bd3 h4 19. Ne2 Nh5 20. g4 hxg3 21. hxg3 b5 22. g4 Nf6 23. c5 (23. g5 $14 Nh5 24. Ke1) 23... dxc5 $11 24. Rxc5 Rxc5 25. Bxc5 Bh6+ 26. Be3 Bxe3+ 27. Kxe3 Rc8 28. Kd4 g5 (28... Rd8 $11) 29. Rc1 (29. e5 $5 {[%cal Re5f6]} Nh7 30. Ke3 $14) 29... Rd8 $1 {next ...Bxg4+ is good for Black.} 30. Kc3 (30. Ke3 {feels hotter.} Bxg4 31. Nd4 Bd7 32. Rc5 e5 33. Rxe5 g4 34. Rc5) 30... a5 {[#]} (30... Be8 $11) 31. Kd2 $1 $16 Nh7 (31... Kf8 $16 {might work better.}) 32. Ke3 Be8 (32... Nf8 $16 {was worth a try.}) 33. Rc5 $18 Rb8 34. Nd4 f6 35. Bxb5 Bxb5 36. Rxb5 {Accuracy: White = 75%, Black = 49%.} ({Not} 36. Nxb5 Kf7 $18) 1-0

[Event "47th GER-ch Blitz 2020"]
[Site "Magdeburg"]
[Date "2020.08.15"]
[Round "7.13"]
[White "Reichmann, Hendrik"]
[Black "Kopylov, Michael"]
[Result "1-0"]
[WhiteElo "2348"]
[BlackElo "2407"]
[Annotator "TA"]
[PlyCount "79"]
[EventDate "2020.07.28"]
[EventType "tourn"]
[EventCountry "GER"]
[SourceTitle "playchess.com"]
[Source "ChessBase"]
[SourceQuality "1"]

{[%evp 21,79,14,8,-45,-33,-37,-19,-26,-15,-25,0,-6,12,0,-8,-20,-20,-18,-31,-35,-18,-29,-52,-108,-109,-104,-100,-93,520,520,520,513,515,515,495,473,439,297,626,622,570,528,816,804,2201,2118,1892,1507,1314,1222,1785,1431,1217,958,925,906,29996,29997,29997,29998]} 1. d4 Nf6 2. Bf4 c5 3. e3 g6 4. c3 Bg7 5. Nf3 O-O 6. h3 b6 7. Nbd2 Bb7 8. Be2 d6 9. O-O Nbd7 10. a4 a6 11. Bh2 Rc8 {[#]} 12. c4 $146 {A48: 1 d4 Nf6 2 Nf3 g6: Torre, London and Colle Systems.} (12. Re1 $11) ({Predecessor:} 12. Re1 Rc7 13. Bd3 cxd4 14. exd4 Nd5 15. Qb3 a5 16. Rad1 N7f6 17. Nc4 Bc6 18. Na3 Qc8 19. Bf1 Bh6 {½-½ (54) Moiseenko,V (2491)-Manolache,M (2518) Alba Iulia 2018}) 12... cxd4 $15 13. exd4 Ne4 14. Nxe4 {The position is equal.} Bxe4 15. Rc1 Qc7 16. b4 Qb7 17. Re1 a5 18. Qb3 axb4 19. Qxb4 Ra8 20. Bd1 Rfc8 21. Ng5 Bxg2 {Threatens to win with ...Bf6.} 22. Rxe7 (22. f3 $15 Ra5 23. c5) 22... Bf6 $17 ({Not} 22... Bxd4 $2 23. Qxd6 Bc5 {[#]} 24. Qf4 $1 $16 {[%mdl 512]} (24. Rxd7 Bxd6 25. Rxb7 Bxb7 $14)) 23. Qxd6 Bxg5 ({And not} 23... Bxe7 24. Qxe7 Nc5 25. Qxb7 $16) 24. Rxd7 Bxc1 $4 {[%mdl 8192] Loses the game.} (24... Qe4 $17 {stays on course.} 25. Qg3 Bxc1 26. Qxg2 Qe8) 25. Rxb7 $18 Bxb7 26. Qxb6 Be4 27. Be5 {[#] And now Qf6 would win.} Bg5 28. c5 Bd8 29. Qb5 {[%cal Rb5e8]} Bc6 $2 (29... Bc7 30. Bb3 Bxe5) 30. Qc4 Be8 31. Bb3 Ra7 32. d5 Rb7 33. c6 Rb6 34. Bd4 Rbb8 35. Qd3 Be7 36. Qe3 Bd6 37. Qh6 {[%csl Gd4][%cal Rh6g7]} Bf8 38. Qf4 {White wants to mate with Qf6.} Rxb3 39. Qf6 {[%csl Gd4][%cal Rf6h8]} Rb1+ 40. Kg2 {Accuracy: White = 79%, Black = 47%.} 1-0

[Event "47th GER-ch Blitz 2020"]
[Site "Magdeburg"]
[Date "2020.08.15"]
[Round "7.14"]
[White "Svane, Frederik"]
[Black "Hess, Max"]
[Result "1/2-1/2"]
[WhiteElo "2421"]
[BlackElo "2378"]
[Annotator "TA"]
[PlyCount "116"]
[EventDate "2020.07.28"]
[EventType "tourn"]
[EventCountry "GER"]
[SourceTitle "playchess.com"]
[Source "ChessBase"]
[SourceQuality "1"]

{[%evp 24,116,50,44,40,41,44,38,43,10,14,15,95,52,59,57,50,44,45,38,42,0,0,0,0,-89,-79,-70,-55,-157,-150,-159,-145,-130,-49,-81,0,-85,0,0,236,248,874,3,5,0,97,112,121,85,85,85,85,85,85,-8,-14,-55,-55,-55,-55,-55,-55,-55,-55,-80,-58,-73,-73,-73,-73,-80,-64,-64,-64,-64,-64,-64,-64,-64,-64,-64,-64,-64,-64,-64,-64,-64,-64,-64,-30,-30,-30,-30,-30]} 1. e4 c5 2. Nf3 e6 3. d4 cxd4 4. Nxd4 Nc6 5. Nc3 Qc7 6. g3 a6 7. Bg2 Nf6 8. O-O Nxd4 9. Qxd4 Bc5 10. Bf4 d6 11. Qd2 h6 12. Rad1 e5 13. Be3 Be6 {B47: Sicilian: Taimanov: 5 Nc3 Qc7 6 f4, 6 g3 and 6 Be2.} 14. Bxc5 dxc5 15. a4 (15. Nd5 {with more complications.} Bxd5 16. exd5 Qd6 17. c4 O-O 18. Qc2) 15... O-O {White is slightly better.} 16. Qd6 Qxd6 17. Rxd6 {[#]} b5 $146 (17... Rfd8 $11 18. Rfd1 Rxd6 19. Rxd6 Kf8) ({Predecessor:} 17... Rfd8 18. Rfd1 Rxd6 19. Rxd6 Kf8 20. f4 Rc8 21. fxe5 Nd7 22. Nd5 Nxe5 23. Nb6 Rb8 {½-½ (57) Asadli,V (1980)-Lopez Mulet,I (2429) Batumi 2014}) 18. Rfd1 (18. axb5 $6 axb5 19. Rc1 b4 $11) 18... b4 19. Nd5 Nxd5 20. exd5 Bf5 21. Rd2 c4 22. c3 bxc3 23. bxc3 Rfb8 $36 {[%mdl 2048] ( -> ...Rb1+). Black has the initiative.} 24. Bf3 (24. Bf1 $11 {remains equal.}) 24... Rb3 $17 25. Rc6 Rxc3 26. Be2 (26. Kg2 $1 $15) 26... Rc1+ 27. Rd1 Rxd1+ 28. Bxd1 {[%mdl 4096] Endgame KRB-KRB} Bd3 ({Black should try} 28... Rc8 $17 29. Kf1 c3 30. Rxc8+ Bxc8) 29. a5 Kf8 (29... Rb8 $17 30. Rb6 Rd8) 30. f3 (30. d6 $1 $11) 30... Rb8 ({Black should play} 30... Ke7 $17 31. d6+ Ke6) 31. d6 $11 {[#]} Ke8 $2 (31... c3 $1 $11 {[%mdl 512] and Black is okay.}) 32. Ba4 $18 {[%cal Rc6c8]} Kd8 $2 {[#]} ({Reject} 32... Rb1+ 33. Kf2 $1 $18 {[%mdl 512]}) (32... Kf8 33. Rxa6 c3) 33. Rxa6 $2 (33. Rb6 $1 $18 {[%cal Rb6b8]} Ra8 34. Rb7) 33... c3 $1 $11 34. Rb6 Rxb6 (34... Ra8 $1 $11 {keeps the balance.} 35. Rb7 c2 36. Rd7+ Kc8 37. Rc7+ {[%mdl 64] Double Attack} Kd8) 35. axb6 {White threatens b7 and mate. KB-KB} Ba6 36. Kf2 c2 37. Bxc2 Kd7 {[#]} 38. Bd3 $1 {[%mdl 512]} Bb7 {[#]} ({Don't go for} 38... Bxd3 $2 39. b7 $18) 39. Bc4 (39. Ke3 $1 $16 {Black must now prevent Be4.} Kxd6 40. Be4) 39... f6 40. f4 Kxd6 41. fxe5+ fxe5 42. Ke3 Kc5 43. Bd3 Kxb6 44. Be4 {And now Bxb7 would win.} Bc8 45. Bd5 Kc5 46. Ke4 Kd6 {Hoping for ...Bf5+!} 47. Bb3 g6 48. h4 Bf5+ 49. Ke3 Ke7 50. Bd5 Kf6 51. Bc4 Be6 52. Bd3 g5 53. hxg5+ Kxg5 54. Be2 Bd5 55. Bd1 $1 Bh1 56. Be2 h5 57. Bd1 Bc6 58. Be2 Bb7 {Accuracy: White = 64%, Black = 72%.} 1/2-1/2

[Event "47th GER-ch Blitz 2020"]
[Site "Magdeburg"]
[Date "2020.08.15"]
[Round "7.15"]
[White "Schneider, Ilja"]
[Black "Siebarth, Raiko"]
[Result "0-1"]
[WhiteElo "2479"]
[BlackElo "2333"]
[Annotator "TA"]
[PlyCount "46"]
[EventDate "2020.07.28"]
[EventType "tourn"]
[EventCountry "GER"]
[SourceTitle "playchess.com"]
[Source "ChessBase"]
[SourceQuality "1"]

{[%evp 9,46,-4,23,23,50,17,30,18,50,46,68,-30,-31,-80,-72,-89,-95,-248,-243,-457,-451,-449,-452,-733,-732,-1007,-1020,-989,-1016,-984,-1010,-924,-991,-982,-726,-937,-893,-1480,-1473]} 1. d4 Nf6 2. Bg5 e6 3. e4 h6 4. Bxf6 Qxf6 5. Nc3 a6 6. g3 {[#] A45: Trompowsky Attack.} g5 $146 ({Predecessor:} 6... c5 7. d5 e5 8. Bh3 g6 9. Qd2 Qd8 10. f4 d6 11. Bxc8 Qxc8 12. fxe5 dxe5 13. d6 Qd8 14. O-O-O Nc6 15. d7+ {1-0 (15) Buckley,G (2369)-Broomfield,M (2219) Birmingham 2000}) 7. Bg2 d6 8. Qd2 {White has an edge.} Bg7 9. O-O-O $1 Nc6 {[%cal Rf6d4,Bb8c6,Bc6e5,Be5c4][%mdl 32] [#]} 10. d5 (10. e5 $1 $14 {[%mdl 512]} Qg6 (10... dxe5 11. Bxc6+) 11. Nge2) 10... Ne5 $11 11. f4 gxf4 12. gxf4 Nc4 $36 {[%mdl 2048] Black is in control.} 13. e5 $2 (13. Qd3 $17 {was worth a try.} Qxf4+ 14. Kb1) 13... dxe5 $19 14. fxe5 $2 (14. Qf2 {was necessary.}) 14... Qxe5 {Black is clearly winning.} 15. Qd3 Qf4+ ({Much less strong is} 15... Qg5+ 16. Kb1 $19) 16. Kb1 {[#]} (16. Rd2 $142) 16... Nxb2 $1 {[%mdl 512]} 17. Kxb2 Qb4+ 18. Kc1 Bxc3 {[%csl Gc3][%cal Rb4b2]} 19. Rf1 Bd7 {Threatens to win with ...Bb5!} 20. Ne2 Qb2+ 21. Kd1 Qa1+ 22. Nc1 O-O-O {...Bb5 is the strong threat.} 23. Ke2 Bb5 {White did not feel at home in the position after the opening. Accuracy: White = 33%, Black = 88%.} 0-1

[Event "47th GER-ch Blitz 2020"]
[Site "Magdeburg"]
[Date "2020.08.15"]
[Round "8.1"]
[White "Donchenko, Alexander"]
[Black "Siebarth, Raiko"]
[Result "0-1"]
[WhiteElo "2646"]
[BlackElo "2333"]
[Annotator "TA"]
[PlyCount "100"]
[EventDate "2020.07.28"]
[EventType "tourn"]
[EventCountry "GER"]
[SourceTitle "playchess.com"]
[Source "ChessBase"]
[SourceQuality "1"]

{[%evp 12,100,39,37,52,50,75,62,56,61,64,0,22,22,22,23,90,27,103,76,79,77,57,-33,-10,-83,-88,-149,0,0,0,0,0,0,0,-294,-298,-284,-270,-296,-287,-390,-390,-383,-187,-189,-206,-221,-223,-336,-160,-202,-126,-110,-130,-112,-116,-243,-150,-312,-137,-167,68,-172,-166,-203,0,0,0,-64,-88,-269,-256,-369,-289,-647,-200,-1417,-1397,-1381,-1337,-29977,-29979,-29978,-29979,-29979,-29980,-29977,-29979,-29978,-12054]} 1. Nf3 c5 2. c4 Nc6 3. Nc3 g6 4. e3 Bg7 5. d4 cxd4 6. exd4 d6 7. Be2 Nh6 {A35: Symmetrical English: 2 Nc3 Nc6 3 Nf3.} 8. d5 Nb8 9. h4 Ng4 {[#] White is slightly better.} 10. h5 $146 ({Predecessor:} 10. Ng5 h5 11. f3 Nh6 12. Be3 Nf5 13. Bf2 Be5 14. Nge4 Nd7 15. g4 hxg4 16. fxg4 {0-1 (50) Malinin,Y (2323)-Miezis,N (2578) Vaksali 2012}) 10... Qb6 11. Rf1 ({Better is} 11. O-O $14) 11... Na6 12. Na4 Qc7 13. Nd4 Ne5 (13... gxh5 $11 14. Rh1 Bd7) 14. Nc3 ({White should play} 14. Nb5 $16 Qd8 15. h6) 14... Nc5 (14... Bd7 $11) 15. Be3 gxh5 16. Rh1 Ng4 17. Bg5 (17. Qc2 $14) 17... h6 18. Bf4 (18. Bh4 $11) 18... Qb6 $17 19. Rxh5 (19. Kf1 $142) 19... Nf6 ({Don't play} 19... Qxb2 20. Rc1 $15) (19... Bxd4 $1 $17 20. Qxd4 Nd3+ {[%mdl 64] Deflection} 21. Qxd3 Qxf2+ {[%mdl 64] Double Attack} 22. Kd1 Qxf4) 20. Rh4 $11 Qxb2 {aiming for ...Nd3+!} 21. Ncb5 Nfe4 $36 {[%mdl 2048] Threatens to win with ...a6. White is under pressure.} 22. Rb1 Qxa2 {And now ...Qa5+ would win.} 23. Rc1 $2 {[%mdl 8192]} (23. Ra1 $1 $11 {and White has nothing to worry.} Qb2 24. Rb1) 23... Qa5+ $1 $19 24. Kf1 a6 25. Ra1 Qd8 26. Rh2 Bd7 27. Na3 e5 (27... Ba4 $142 28. Nac2 Nc3) 28. dxe6 Nxe6 29. Nxe6 Bxe6 30. Nc2 (30. Qc1 $142) 30... Qf6 (30... Nc3 $19 31. Qe1 Nxe2 32. Kxe2 Qc7) 31. Be3 Ng3+ 32. Kg1 Nxe2+ 33. Qxe2 Qg6 34. Ra2 (34. Bd4 $17) 34... O-O 35. Qd1 $2 (35. Ra3 $17 {might work better.}) 35... Bxc4 (35... Rfc8 $19 {is more deadly.} 36. Nd4 Bg4) 36. Ra3 $17 Bb5 $2 {[#]} (36... Rac8 $19 37. Rh3 Be6) 37. Nd4 $2 {[#]} (37. Bxh6 $1 $14 {[%mdl 512] stays ahead.} Bxh6 38. Rg3 Qxg3 39. fxg3) 37... Bd7 $1 $19 38. Bxh6 Be5 $2 ({Stronger than} 38... Bxh6 39. Rg3 $11) (38... Bg4 $19 39. f3 Bxh6 40. fxg4 Rfc8) 39. Rh4 {Bf4 is the strong threat.} Rfe8 {Hoping for ...Rac8.} ({Avoid the trap} 39... Bxd4 $2 40. Qxd4 Rae8 {[#]} 41. Rg3 $1 $18 {[%mdl 512]}) 40. Nf3 (40. Rf3 $11) 40... Bf6 $15 41. Rh2 $2 (41. Bd2 $17) 41... Bg4 $19 42. Rd3 (42. Bd2 {was worth a try.}) 42... Re6 43. Be3 $2 (43. Bc1) 43... Bg7 $2 (43... Bxf3 44. Qf1 Rae8) 44. Rd4 $2 (44. Rd5) 44... Bxf3 45. Qxf3 Bxd4 46. Rh6 Qb1+ {Black mates.} 47. Kh2 Be5+ 48. g3 Rxh6+ 49. Bxh6 Qh7 50. Qh5 Bg7 {Accuracy: White = 29%, Black = 49%.} 0-1

[Event "47th GER-ch Blitz 2020"]
[Site "Magdeburg"]
[Date "2020.08.15"]
[Round "8.2"]
[White "Hess, Max"]
[Black "Schneider, Ilja"]
[Result "0-1"]
[WhiteElo "2378"]
[BlackElo "2479"]
[Annotator "TA"]
[PlyCount "90"]
[EventDate "2020.07.28"]
[EventType "tourn"]
[EventCountry "GER"]
[SourceTitle "playchess.com"]
[Source "ChessBase"]
[SourceQuality "1"]

{[%evp 9,90,-22,-3,0,0,0,0,0,-2,-2,-8,-12,-7,-28,-2,3,11,3,0,0,4,4,13,22,14,0,0,0,0,0,0,0,5,0,9,7,9,14,7,8,29,0,0,-120,-114,-117,-102,-104,-113,-103,-91,-128,-116,-145,-138,-152,-129,-183,-175,-220,-219,-204,-139,-201,-142,-256,-240,-316,-266,-458,-455,-541,-331,-1062,-1062,-1062,-1059,-1059,-1055,-1052,-1036,-4589,-1728]} 1. d4 d5 2. Bf4 c5 3. Nc3 Nc6 4. e3 cxd4 5. exd4 a6 6. Nf3 {B13: Caro-Kann: Exchange Variation and Panov-Botvinnik Attack.} Bg4 7. Be2 e6 8. Ne5 {The position is equal.} Bxe2 9. Nxe2 Bd6 10. O-O Nge7 {[#]} 11. c3 $146 ({Predecessor:} 11. Bg3 O-O 12. c3 Qc7 13. Nxc6 bxc6 14. Bxd6 Qxd6 15. Nc1 c5 16. dxc5 Qxc5 17. Nd3 {½-½ (94) Vidyarthi,V (2090)-Kaufman,R (2255) chess.com INT 2020}) 11... O-O 12. Nd3 Nf5 13. a4 Na5 14. Re1 Rc8 15. Bxd6 Nxd6 16. Nc5 Nac4 17. Qb3 Qc7 18. Nf4 Rfe8 19. Qc2 a5 20. Ncd3 Ne4 21. f3 Ned6 22. Qf2 Nf5 23. g4 Ne7 24. Re2 Ng6 25. Nh5 Qd8 26. Ne5 {[#]} (26. Ng3 $11 {keeps the balance.}) 26... Ncxe5 $1 $17 {White is now going downhill.} 27. dxe5 Rc4 28. h3 Qd7 29. f4 Rxa4 30. Rxa4 Qxa4 31. Qg3 Qc4 32. Kf2 d4 33. cxd4 (33. Rd2 $17) 33... Qxd4+ $19 34. Kg2 Qd5+ 35. Kh2 Qc4 36. Rf2 (36. Rd2 $17) 36... Qe4 37. Kg1 (37. Rd2 $17) 37... a4 38. Kh2 b5 {[%cal Bb7b5,Bb5b4,Bb4b3][%mdl 32]} 39. Kg1 $2 (39. Qg2 {was worth a try.} Qxg2+ 40. Kxg2) 39... b4 40. Kh2 h6 41. Rf1 $2 (41. f5 Nxe5 42. g5 exf5 43. gxh6) 41... Rc8 {Black is clearly winning.} 42. Rf2 Rc1 {[%csl Gc1][%cal Re4h1] [#]} 43. Qg2 Qxg2+ 44. Kxg2 b3 45. Rd2 Rc2 {Accuracy: White = 56%, Black = 87%.} 0-1

[Event "47th GER-ch Blitz 2020"]
[Site "Magdeburg"]
[Date "2020.08.15"]
[Round "8.3"]
[White "Kopylov, Michael"]
[Black "Svane, Frederik"]
[Result "1/2-1/2"]
[WhiteElo "2407"]
[BlackElo "2421"]
[Annotator "TA"]
[PlyCount "164"]
[EventDate "2020.07.28"]
[EventType "tourn"]
[EventCountry "GER"]
[SourceTitle "playchess.com"]
[Source "ChessBase"]
[SourceQuality "1"]

{[%evp 18,164,23,28,41,21,97,111,135,47,41,47,110,47,72,15,25,11,18,15,9,8,16,25,35,20,16,14,138,139,148,137,147,143,198,168,169,104,104,106,109,111,113,-28,0,0,0,-80,-83,-91,-85,-97,-99,-87,-87,-106,-80,-112,-104,-141,-107,-107,-166,-113,-138,-312,-312,-422,-310,-326,-109,-441,-383,-366,0,0,0,0,0,0,0,0,0,0,0,0,0,0,0,0,0,0,0,0,0,0,0,0,588,0,596,588,1709,0,0,0,0,0,0,0,29969,5152,5175,5175,29972,29966,29962,0,0,0,29971,29974,29974,29975,29975,29976,29973,29975,29962,0,0,0,0,0,0,0,0,0,0,0,0,0,0,0,0,0,0,0,29989]} 1. d4 Nf6 2. c4 e6 3. g3 Bb4+ 4. Nd2 O-O 5. Bg2 d5 6. Ngf3 dxc4 7. Qc2 c5 8. dxc5 Bxc5 9. O-O Nc6 10. Nxc4 Qe7 {E05: Open Catalan: 5 Nf3 Be7.} 11. a3 Bd7 (11... e5 $11) 12. b4 $16 {[#]} Bd4 $146 {White is better.} ({Predecessor:} 12... Nd4 13. Qb2 Nxf3+ 14. Bxf3 Bb5 15. Na5 Bb6 16. Qe5 Qd7 17. Bb2 Bc7 18. Qg5 h6 {0-1 (82) Nagy,G (2449)-Movsesian,J (2328) Banska Stiavnica 2013}) 13. Bb2 (13. Nxd4 $16 Nxd4 14. Qb2) 13... Bxb2 $14 14. Qxb2 Rac8 (14... b5 $14) 15. Rac1 ({White should play} 15. b5 $16) 15... Rfd8 16. Nfe5 (16. b5 $16 Nb8 17. a4) 16... Nxe5 $11 17. Nxe5 Bb5 18. Rxc8 Rxc8 19. Rc1 Rd8 20. Bf3 h6 21. Qc3 Nd5 22. Qc5 Qe8 (22... Qxc5 $11 {remains equal.} 23. Rxc5 a6) 23. Qxa7 $16 Ba6 24. Qc5 b6 25. Qc6 Qxc6 (25... Bb5 $16 26. Qxe8+ Rxe8) 26. Rxc6 Bb5 27. Rc2 (27. e4 $1 $18 {[%cal Re4d5]} Bxc6 28. Nxc6) 27... Ra8 28. Nc4 Bxc4 29. Rxc4 Rxa3 30. e4 (30. Bxd5 $16 exd5 31. Rc6) 30... Rxf3 (30... Nf4 {with more complications.} 31. Bd1 Ra1 32. gxf4 Rxd1+ 33. Kg2 Rb1) 31. exd5 exd5 $11 {[%mdl 4096] Endgame KR-KR} 32. Rd4 (32. Rc8+ $11 Kh7 33. Rb8) 32... Rb3 $17 33. Rxd5 Rxb4 34. Rd7 g5 35. Kg2 Kg7 36. Rd6 f6 37. Kf3 Kg6 38. g4 Rf4+ 39. Kg3 b5 40. Rb6 b4 41. h3 $2 (41. Rb7 $17) 41... Kf7 $19 42. h4 Rc4 43. h5 Rc3+ $2 (43... Rf4 $19 {has better winning chances.} 44. f3 Ke7) 44. f3 $2 {[%mdl 8192]} (44. Kg2 $17 {was the crucial defense.}) 44... b3 45. Kf2 Rc2+ $2 ({Black should try} 45... Ke7 $19 {Strongly threatening ...Kd8.} 46. Rb4 Kd6) 46. Ke3 $11 b2 47. Kd3 Rf2 48. Ke3 Rh2 49. Kd3 Ke7 50. Ke4 Rf2 51. Ke3 Rc2 52. Kd3 Rh2 53. Ke4 Kd7 54. Kf5 {With the idea Kg6.} Kc7 55. Rb3 {aiming for Kg6.} Kc6 56. Kxf6 Kc5 57. Kg6 Kc4 $2 {[%mdl 8192]} (57... Re2 $11) 58. Rb6 $2 (58. Rb8 $1 $18 Rf2 59. Kxh6) 58... Kc3 $2 {[%mdl 8192]} (58... Rd2 $11) 59. Kxh6 $18 Rh1 {[#]} 60. Kxg5 $2 ({White must play} 60. Rxb2 $1 $18 {[%mdl 512]} Kxb2 61. Kxg5) 60... b1=Q $11 61. Rxb1 Rxb1 {KR-K3P} 62. h6 Kd4 $1 63. h7 Rb8 $2 {[%mdl 8192]} (63... Rh1 $11 64. Kg6 Ke3) 64. Kf6 (64. f4 $142 Ra8 65. Kf6 Ra6+ 66. Kg7 Ra7+ 67. Kg6 Ra6+ 68. Kg7 Ra7+ 69. Kg6 Ra6+ 70. Kg7) 64... Ke3 65. g5 Rb6+ 66. Kf7 Rb7+ {[#]} 67. Kg8 $2 (67. Kg6 $1 Rb8 68. Kf5 Rf8+ 69. Ke6 Kf4 70. g6 Rh8 71. Kf6 Rb8 72. g7 Rb6+ 73. Ke7 Rb7+ 74. Ke6 Rxg7 75. h8=Q Rg6+ 76. Kf7) 67... Rb8+ 68. Kg7 Rb7+ $4 {[%mdl 8192]} (68... Kf4 $11) 69. Kh6 Rb8 70. g6 Kf4 71. g7 Rb6+ 72. Kh5 Rb5+ 73. Kh4 $2 (73. Kg6 {mates} Rb6+ 74. Kf7 Rb7+ 75. Ke6 Rxg7 76. h8=Q Rg6+ 77. Kf7 Rg2 78. Qf6+ Ke3 79. f4) 73... Rb1 $1 {[%cal Rb1h1] The position is equal.} 74. Kh3 Kxf3 {[%cal Rb1h1] KR-KPP} 75. Kh2 Rb2+ 76. Kh3 Rb1 {[%cal Rb1h1]} 77. Kh2 Rb2+ 78. Kg1 Rb1+ $1 79. Kh2 Rb2+ 80. Kh3 Rb1 {[%cal Rb1h1]} 81. Kh4 Kf4 {[%cal Rb1h1]} 82. Kh3 Ke5 $2 {[%mdl 40960] A wild game. Accuracy: White = 64%, Black = 65%. . An unexpected result.} (82... Kf3 $11 83. Kh4 Kf4) 1/2-1/2